Feedback control system analysis and synthesis
Salvato in:
| Autori principali: | , |
|---|---|
| Natura: | Libro |
| Lingua: | inglese |
| Pubblicazione: |
Tokio
McGraw-Hill Kogakusha
1966
|
| Edizione: | 2a. ed |
| Serie: | McGraw-Hill Electrical and Electronic Engineering
|
| Soggetti: | |
| Tags: |
Aggiungi Tag
Nessun Tag, puoi essere il primo ad aggiungerne!!
|
MARC
| LEADER | 00000nam a2200000 a 4500 | ||
|---|---|---|---|
| 001 | UCU4236 | ||
| 003 | CL-VaPUC | ||
| 008 | 960517e19660000JA |||||||||||||||||eng|d | ||
| 082 | 0 | 4 | |a 629.83 |b DAZ |2 21 |
| 100 | 0 | |a D'Azzo, John Joachim |e author |9 361752 | |
| 700 | |a Houpis, Constantine H |e author |9 365017 | ||
| 245 | 1 | 0 | |a Feedback control system analysis and synthesis |
| 250 | |a 2a. ed | ||
| 300 | |a 824 p | ||
| 942 | |c BK | ||
| 945 | |d 19960517 00:00:00 |a lriquelm | ||
| 260 | |a Tokio |b McGraw-Hill Kogakusha |c 1966 | ||
| 650 | 0 | |a Control automático |9 259890 | |
| 650 | 0 | |a Ecuaciones diferenciales |9 260083 | |
| 650 | 7 | |a CONTROL DE SISTEMAS |2 CL-VaPUC |9 352951 | |
| 650 | 7 | |a REALIMENTACION |2 CL-VaPUC |9 361754 | |
| 583 | |a last modification |c 19960517 00:00:00 |k Rodrigo Vera | ||
| 490 | 0 | |a McGraw-Hill Electrical and Electronic Engineering | |
| 999 | |c 248023 |d 248021 | ||
| 952 | |0 0 |1 0 |4 0 |6 629_830000000000000_DAZ_1966 |7 0 |8 A |9 264352 |a BIBING |b BIBING |d 2019-11-19 |i 1686984 |o 629.83 DAZ 1966 |p 1686984 |r 2025-01-20 |w 2019-11-19 |y BK |k EIE | ||